Central Library OPAC University of Rajshahi

ফোকলর : পরিচিতি ও পঠন-পাঠন / (Record no. 49174)

MARC details
000 -LEADER
fixed length control field 00787nam a2200229 a 4500
001 - CONTROL NUMBER
control field 49174
003 - CONTROL NUMBER IDENTIFIER
rucl marc code BD-RjUL
005 - DATE AND TIME OF LATEST TRANSACTION
control field 20211209054638.0
008 - FIXED-LENGTH DATA ELEMENTS--GENERAL INFORMATION
fixed length control field 160818s1967 b ||||| |||| 00| 0 eng d
020 ## - INTERNATIONAL STANDARD BOOK NUMBER
Terms of availability : Tk.150.00
035 ## - SYSTEM CONTROL NUMBER
System control number (BD-RjUL)49293
040 ## - CATALOGING SOURCE
Original cataloging agency BD-RjUL
Language of cataloging ben
Transcribing agency BD-RjUL
041 ## - LANGUAGE CODE
Language code of text/sound track or separate title ben
082 ## - DEWEY DECIMAL CLASSIFICATION NUMBER
Edition number 23
Classification number 398.2
Author mark and year ISF 1967
100 1# - MAIN ENTRY--PERSONAL NAME
Personal name ইসলাম, মযহারুল
9 (RLIN) 147824
245 10 - TITLE STATEMENT
Title ফোকলর : পরিচিতি ও পঠন-পাঠন /
Statement of responsibility, etc. মযহারুল ইসলাম
260 ## - PUBLICATION, DISTRIBUTION, ETC. (IMPRINT)
Place of publication, distribution, etc. ঢাকা :
Name of publisher, distributor, etc. বাংলা একাডেমী,
Date of publication, distribution, etc. ১৯৬৭.
300 ## - PHYSICAL DESCRIPTION
Pagination ৫৬৭ পৃ ;
Size ২৩ সেমি
650 ## - SUBJECT ADDED ENTRY--TOPICAL TERM
Topical term or geographic name as entry element ফোকলর সাহিত্য
9 (RLIN) 147825
Topical term or geographic name as entry element Foklore Literature
9 (RLIN) 147826
942 ## - ADDED ENTRY ELEMENTS (KOHA)
Source of classification or shelving scheme Dewey Decimal Classification
Koha item type Books
Holdings
Lost status Source of classification or shelving scheme Damaged status Not for loan Collection code Permanent Location Current Location Date acquired Source of acquisition Cost, normal purchase price Total Checkouts Full call number Date last seen Date checked out Copy number Koha item type Shelving location
  Dewey Decimal Classification     Non-fiction Central Library, University of Rajshahi Central Library, University of Rajshahi 23/09/1998 Author 150.00 9 B 398.2 ISF 1968 20/01/2025 13/01/2025 C-2 Books  
  Dewey Decimal Classification   Not For Loan Non-fiction Central Library, University of Rajshahi Central Library, University of Rajshahi 05/11/1968 Author 150.00   B 398.2 ISF 1968 26/10/2022   C-1 Books Reading Room